00970nam a2200277Ia 450000500170000000800270001702000180004408200160006210000400007824501110011825000170022930000260024649000290027253400470030165000390034865000280038765000300041565000330044565000260047870000310050426400340053533600270056933700330059633800280062904000350065720220317000320.0141031s9999 ck 000 0 spa d a978848916372004a320.1bR68c1 aRousseau, Jean Jacques, d1712-177813aEl contrato social bprincipios de derecho políticocJean Jacques Rousseau ; traducción Dr. Doppelheim a4a edición a158 páginasc20 cm. aFilosofía & política tDu contract social : ou du droit politique142LEMBaPolítica socialvTeorías142LEMBaEstructura social142LEMBa Formas de gobierno142LEMBaDerecho constitucional142LEMBaContrato social1 aDoppelheim, Dr.etraductor aMadridbJorge A. Mestasc2010 atextobtxt2rdacontent asin mediaciónbn2rdamedia avolumenbnc2rdacarrier aCO-BoRNBPbspaerdacCO-BoRNBP